| 000 | 00438nam a2200181Ia 4500 | ||
|---|---|---|---|
| 005 | 20240823054212.0 | ||
| 008 | 240823s9999||||xx |||||||||||||| ||und|| | ||
| 041 | _aENGLISH | ||
| 082 | _A546.4 N4 | ||
| 100 | _aRaman K V | ||
| 245 | 0 | _aGroup Theory and its Applications to Chemistry | |
| 250 | _a1st | ||
| 260 |
_c1994 _b"TMH,New Delhi" |
||
| 500 | _aTRANSFERED | ||
| 650 |
_aChemistry _bChemistry |
||
| 942 | _cBK | ||
| 999 |
_c225910 _d225910 |
||